Statistics for English Premiership Winners

Click here to take the quiz!

General Stats

  • This quiz has been taken 60 times
    (19 since last reset)
  • The average score is 44 of 45

Answer Stats

YearWinner% Correct
1997/98Arsenal
100%
1988/89Arsenal
100%
2003/04Arsenal
100%
2001/02Arsenal
100%
1990/91Arsenal
100%
2016/17Chelsea
100%
2014/15Chelsea
100%
2009/10Chelsea
100%
2005/06Chelsea
100%
2004/05Chelsea
100%
2015/16Leicester
100%
1976/77Liverpool
100%
1989/90Liverpool
100%
1975/76Liverpool
100%
1987/88Liverpool
100%
1985/86Liverpool
100%
1978/79Liverpool
100%
1979/80Liverpool
100%
1981/82Liverpool
100%
1983/84Liverpool
100%
1982/83Liverpool
100%
2019/20Liverpool
100%
2018/19Manchester City
100%
2017/18Manchester City
100%
2013/14Manchester City
100%
2011/12Manchester City
100%
2007/08Manchester United
100%
1992/93Manchester United
100%
2012/13Manchester United
100%
2010/11Manchester United
100%
1995/96Manchester United
100%
1996/97Manchester United
100%
2006/07Manchester United
100%
1993/94Manchester United
100%
2002/03Manchester United
100%
2000/01Manchester United
100%
1999/00Manchester United
100%
1998/99Manchester United
100%
2008/09Manchester United
100%
1994/95Blackburn
84%
1986/87Everton
84%
1984/85Everton
84%
1977/78Nottingham
84%
1980/81Aston Villa
79%
1991/92Leeds
79%

Score Distribution

Percentile by Number Answered

Percent of People with Each Score

Your Score History

You have not taken this quiz since the last reset